| 000 | 01464nam0a22003011 4500 | ||
|---|---|---|---|
| 001 | v19\rc\1719104 | ||
| 005 | 20230823134909.0 | ||
| 035 | _a(NLR Aleph) 004843846 | ||
| 090 |
_a4850585 _c4850585 |
||
| 100 | _a20061002e19001900|||y0rusy50 ca | ||
| 101 | 0 | _arus | |
| 102 | _aRU | ||
| 105 | _ay z ||||| | ||
| 200 | 1 |
_aГосподи спаси царя! _eПоучение, произнесенное в Исаакиевском соборе в день рождения благочестивейшей государыни императрицы Марии Феодоровны 14 ноября 1900 г. _fИнспектор С.-Петерб. духов. акад. архим. Сергий |
|
| 210 |
_aСанкт-Петербург _cтип. А.П. Лопухина _d1900 |
||
| 215 |
_a8 с. _d24 |
||
| 311 | _aИзвлеч. из журн. "Церк. вестн." № 46, за 1900 г. | ||
| 488 | 0 | _12001#$aЦерковный вестник$v1900, № 46 | |
| 700 | 0 |
_6z01790 _aСергий _cТихомиров, Сергей Алексеевич _f1873-1945 |
|
| 702 | 0 |
_aМария Федоровна _cимператрица российская _f1847-1928 _3RU\NLR\AUTH\7710845 _4570 |
|
| 790 | 1 |
_6z01700 _aТихомиров _bС. А. _f1873-1945 _gСергей Алексеевич |
|
| 801 | 0 |
_aRU _bNLR _gpsbo |
|
| 801 | 0 |
_aRU _bRuMoRGB _2psbo |
|
| 801 | 1 |
_aRU _bProSoft-M _2rusmarc |
|
| 852 |
_aNLR _j62-7/3405 |
||
| 942 | _cBOOK | ||
| 980 | _aNB | ||